[Event "GER-chT U16"]
[Site "Magdeburg"]
[Date "2019.12.30"]
[Round "7.10"]
[White "Zhang, Guo Hong"]
[Black "Hamkar, Behzad"]
[Result "0-1"]
[WhiteElo "1217"]
[BlackElo "1223"]
[PlyCount "92"]
[EventDate "2019.12.27"]
[EventType "team-swiss"]
[EventRounds "7"]
[EventCountry "GER"]
[SourceTitle "CBM 194 Extra"]
[Source "ChessBase"]
[SourceDate "2020.03.31"]
[SourceVersion "1"]
[SourceVersionDate "2020.03.31"]
[SourceQuality "1"]
[WhiteTeam "Stuttgart"]
[BlackTeam "Augsburg"]
[WhiteTeamCountry "GER"]
[BlackTeamCountry "GER"]

1. d4 e6 2. c4 d5 3. Nf3 Nf6 4. Bg5 Nbd7 5. Nc3 c6 6. e3 Qa5 7. c5 Ne4 8. Qc2 b6 9. a3 bxc5 10. dxc5 Nxc3 11. b4 Qa4 12. Qxc3 a5 13. Rb1 axb4 14. axb4 Qa2 15. Bd3 Ra3 16. Qc2 g6 17. Qxa2 Rxa2 18. 0-0 Bg7 19. Bf4 e5 20. b5 exf4 21. bxc6 Ne5 22. Nxe5 Bxe5 23. exf4 Bxf4 24. Rfe1+ Kf8 25. Red1 Rd2 26. Rxd2 Bxd2 27. Rb8 Kg7 28. c7 Bf4 29. Ra8 Bxc7 30. c6 Be6 31. Ra7 Bd6 32. Ba6 Bc8 33. Bb7 Re8 34. f3 Bc5+ 35. Kf1 Bxa7 36. Bxc8 Rxc8 37. g3 Rxc6 38. Kg2 Re6 39. h4 d4 40. Kh3 d3 41. Kg4 d2 42. Kh3 d1Q 43. Kg2 Re2+ 44. Kh3 Qh1+ 45. Kg4 h5+ 46. Kf4 Bb8+ 0-1

[Event "GER-chT U16"]
[Site "Magdeburg"]
[Date "2019.12.27"]
[Round "2.9"]
[White "Zhang, Guo Hong"]
[Black "Klahold, Rona"]
[Result "0-1"]
[WhiteElo "1217"]
[BlackElo "1541"]
[PlyCount "98"]
[EventDate "2019.12.27"]
[EventType "team-swiss"]
[EventRounds "7"]
[EventCountry "GER"]
[SourceTitle "CBM 194 Extra"]
[Source "ChessBase"]
[SourceDate "2020.03.31"]
[SourceVersion "1"]
[SourceVersionDate "2020.03.31"]
[SourceQuality "1"]
[WhiteTeam "Stuttgart"]
[BlackTeam "Paderborn Blauer Springer"]
[WhiteTeamCountry "GER"]
[BlackTeamCountry "GER"]

1. d4 d5 2. c4 c6 3. Nc3 Bf5 4. Nf3 e6 5. Bg5 Nf6 6. e3 Nbd7 7. c5 h6 8. Bh4 g5 9. Bg3 Nh5 10. Be5 Nxe5 11. Nxe5 Nf6 12. Bd3 Bxd3 13. Qxd3 Bg7 14. 0-0 Qc7 15. Ne2 Ne4 16. f3 Bxe5 17. dxe5 Nxc5 18. Qc3 Nd7 19. Ng3 Qxe5 20. Qb3 Nb6 21. Rae1 0-0-0 22. f4 gxf4 23. Rxf4 f5 24. Qa3 Kb8 25. Ne2 Nc4 26. Qc3 Qxe3+ 27. Qxe3 Nxe3 28. Nd4 e5 29. Nxc6+ bxc6 30. Rb4+ Kc7 31. Rxe3 e4 32. Rg3 Rhg8 33. Ra3 Ra8 34. Kf2 Rgb8 35. Rxb8 Kxb8 36. Ke3 Kb7 37. Rb3+ Ka6 38. Kf4 Rf8 39. Ke5 f4 40. Kd6 Rf6+ 41. Ke5 e3 42. Ra3+ Kb7 43. Rb3+ Ka8 44. Kxf6 e2 45. Ke6 e1Q+ 46. Kd6 d4 47. Kc7 Qe7+ 48. Kc8 Qe6+ 49. Kc7 Qxb3 0-1